000 00292nam a2200121Ia 4500
008 220216s9999 xx 000 0 und d
100 _aKala R.G
245 0 _aKaalaavasthamaattam cherukkaan GM rubber
260 _bKarshakasree
_c2021
300 _a30-31
650 _aGM rubber
942 _cJS
999 _c61801
_d61801